[Event "23rd ETCC Open 2021"]
[Site "Catez"]
[Date "2021.11.13"]
[Round "2.68"]
[White "Kokkila, Tero"]
[Black "Kjartansson, Gudmundur"]
[Result "1/2-1/2"]
[WhiteElo "2283"]
[BlackElo "2443"]
[Annotator "TA"]
[PlyCount "202"]
[EventDate "2021.11.08"]
[EventType "team-tourn"]
[EventCountry "SLO"]
[SourceTitle "playchess.com"]
[Source "ChessBase"]
[SourceQuality "1"]
[WhiteTeam "Finland"]
[BlackTeam "Iceland"]
[WhiteTeamCountry "FIN"]
[BlackTeamCountry "ISL"]

{[%evp 14,201,26,-3,-17,-23,-20,-19,-25,-25,-19,-13,0,-14,-10,-14,0,-20,-20,
-41,-41,-43,-40,-45,-35,-64,-51,-63,-60,-56,-38,-56,-49,-57,-50,-56,-41,-100,
-84,-83,-91,-219,-218,-222,-220,-224,-206,-214,-236,-235,-226,-327,-269,-358,
-295,-319,-310,-432,-429,-495,-416,-404,-374,-542,-526,-704,-692,-785,-787,
-761,-722,-708,-981,-919,-964,-885,-827,-709,-651,-639,-621,-815,0,0,0,0,0,0,0,
0,0,0,0,0,0,0,0,0,0,0,0,0,0,0,0,0,0,0,0,0,0,0,0,0,0,0,0,0,0,0,0,0,0,0,0,0,0,0,
0,0,0,0,0,0,0,0,0,0,0,0,0,0,-40,0,0,0,0,0,0,0,0,0,0,0,0,0,0,0,0,0,0,0,0,0,0,0,
0,0,0,0,0,0,0,0,0,0,-40,0,0,0,0,0,0,0,0,0,0,0,0,0]} 1. e4 e6 2. d4 d5 3. Nc3
Nf6 4. Bg5 dxe4 5. Nxe4 Be7 6. Bxf6 gxf6 7. Nf3 f5 8. Ned2 c5 {C13: French:
Classical System: 4 Bg5 Be7, Alekhine-Chatard Attack.} 9. Nc4 Nc6 {[%cal Rc5d4]
} 10. dxc5 {[#]} Bxc5 $146 ({Predecessor:} 10... Qxd1+ 11. Rxd1 Bxc5 12. c3 O-O
{0-1 (12) Bozic,D (1725)-Ochoa Ramirez,J ICCF email 2012}) 11. Qxd8+ Kxd8 12.
c3 Bd7 13. Be2 Ke7 14. O-O Rhc8 15. Rfe1 b5 16. Nce5 Nxe5 17. Nxe5 Be8 18. a3
a5 19. Bf3 Rab8 20. Nd3 Bd6 21. g3 Kf6 22. Rad1 Rb6 23. Rd2 Bf8 24. Red1 Bh6
25. Nf4 ({Better is} 25. Re2 $15) 25... Bxf4 $17 26. gxf4 b4 $1 {[%cal Rb4c3]}
27. Rd8 (27. axb4 $17 axb4 28. Rd8) 27... Rxd8 $19 28. Rxd8 bxc3 29. bxc3 {
[%mdl 4096] Endgame [#] KRB-KRB} Ke7 {[%cal Re7d8]} 30. Ra8 {[#]} a4 31. Ra7+
Kd6 32. h4 (32. Kg2 $142) 32... Rb3 33. Bh5 Rxc3 34. Bxf7 Bd7 35. h5 Rxa3 36.
Kg2 Bc6+ 37. Kh2 Rf3 38. h6 (38. Kg1 $142) 38... Rxf2+ 39. Kh3 Rf3+ 40. Kh4
Rxf4+ 41. Kg5 Rg4+ 42. Kf6 f4 43. Bh5 Rg8 44. Rxh7 Ra8 45. Re7 Bd7 {White must
now prevent ...a3.} 46. h7 Rh8 ({Worse is} 46... a3 47. Be8 $11) 47. Bg4 {
[%cal Rg4e6]} f3 $2 ({Black should play} 47... a3 $19 48. Bxe6 Bxe6 49. Rxe6+
Kd5) 48. Bxf3 $11 a3 49. Bg4 $1 a2 50. Rxd7+ $1 {[%mdl 64] Remove Defender}
Kxd7 51. Bxe6+ {[%mdl 64] Double Attack. KR-KB} Kd6 52. Bxa2 Rxh7 53. Bb3 Rh3
54. Bc2 Rf3+ 55. Kg7 Ke7 56. Bh7 Rf7+ 57. Kh8 Kf6 58. Bc2 Rf8+ (58... Ra7 {
is interesting.} 59. Bh7 Ke5 60. Bc2 Kd4 61. Bh7 Kc5) 59. Kh7 Rd8 (59... Rf7+ {
is interesting.} 60. Kg8 Rg7+ 61. Kh8 Rg2 62. Bh7 Rg1) 60. Bb3 Rd7+ (60... Rd2
{feels hotter.} 61. Bc4 Ke5 62. Kg8 Kd6 63. Kg7 Kc5) 61. Kh8 Kg6 (61... Rd2 {
is more complex.} 62. Kh7 Rd8 63. Bc4 Kg5 64. Be6 Kf4) 62. Bc2+ Kh6 {[%cal
Rd7d8]} (62... Kg5 {is interesting.} 63. Bh7 Kh5 64. Kg8 Rd2 65. Kh8 Kg5) 63.
Bb3 Rh7+ (63... Rd2 {keeps more tension.} 64. Kg8 Rd8+ 65. Kf7 Kg5 66. Kg7 Kf4)
64. Kg8 Rb7 65. Bc2 Rg7+ 66. Kf8 Rg2 67. Bd3 Rg3 68. Bc2 Rc3 69. Bb1 Rc7 70.
Bd3 Kg5 71. Kg8 (71. Bb1 {looks sharper.} Rc1 72. Ba2 Kf4 73. Bf7 Ra1 74. Kg7)
71... Kf6 (71... Rc1 {with more complications.} 72. Kh8 Kf4 73. Kh7 Ke3 74. Bg6
Kf4) 72. Kh8 Kf7 (72... Rc1 {with more complications.} 73. Kh7 Rh1+ 74. Kg8 Ke6
75. Bh7 Ke5) 73. Be4 (73. Bb1 {feels hotter.} Ke7 74. Bh7 Kd8 75. Bg8 Ke7 76.
Bh7) 73... Re7 (73... Rc1 {seems wilder.} 74. Bd3 Rh1+ 75. Bh7 Kf6 76. Kg8 Rg1+
) 74. Bc2 Kf8 (74... Re1 {looks sharper.} 75. Bd3 Rh1+ 76. Bh7 Kf6 77. Kg8 Rg1+
) 75. Bd3 Rc7 (75... Re1 {looks sharper.} 76. Kh7 Ke7 77. Bc4 Rh1+ 78. Kg8 Kf6)
76. Be4 Rc4 (76... Rc8 {feels hotter.} 77. Bf5 Rc1 78. Kh7 Ke7 79. Bg6 Rc8) 77.
Bd3 (77. Bh7 {feels hotter.} Rh4) 77... Rh4+ 78. Bh7 Rg4 (78... Rh1 {seems
wilder.}) 79. Bc2 Kf7 (79... Rg1 {seems wilder.} 80. Bd3 Ke7 81. Kh7 Kd6 82.
Bc4 Kc5) 80. Bb3+ (80. Bb1 {feels hotter.} Rg1 81. Bc2 Kf6 82. Kh7 Kf7 83. Kh8)
80... Kg6 81. Bc2+ (81. Bd1 {seems wilder.} Rg1 82. Bc2+ Kf6 83. Kh7 Kf7 84.
Kh8) 81... Kh6 82. Bb3 (82. Bb1 {looks sharper.} Rg1 83. Be4 Kh5 84. Bf3+ Kg5
85. Bc6) 82... Rg7 (82... Rg1 {is interesting.} 83. Bd5 Kg6 84. Be4+ Kh5 85.
Bf3+ Kg5) 83. Bc4 Kg6 (83... Rg1 {looks sharper.} 84. Bb3 Kg6 85. Bc2+ Kf6 86.
Kh7 Kf7) 84. Bd3+ Kf6 85. Bc2 Rc7 (85... Rg1 {is interesting.} 86. Kh7 Kf7 87.
Kh8 Kf6) 86. Bb1 Rc8+ 87. Kh7 Rc1 88. Bd3 Kf7 {[%cal Rc1h1]} (88... Ra1 {
seems wilder.} 89. Bc4 Rh1+ 90. Kg8 Kg5 91. Bd3 Kh4) 89. Bg6+ (89. Kh8 {
with more complications.} Rh1+ 90. Bh7 Kf6 91. Kg8 Rg1+ 92. Kh8) 89... Kf6 {
( -> ...Rh1+)} 90. Bd3 Rd1 (90... Ra1 {feels hotter.} 91. Bc4 Rh1+ 92. Kg8 Kg5
93. Bd3 Kh4) 91. Bc2 Rd7+ (91... Ra1 {keeps more tension.} 92. Bd3 Rg1 93. Be4
Ke6 94. Bc2 Rh1+) 92. Kh8 Rd2 93. Be4 Kf7 (93... Rd1 {looks sharper.} 94. Bh7
Rh1 95. Kg8 Rg1+ 96. Kh8 Kg5) 94. Bb1 Rh2+ (94... Rg2 {is more complex.} 95.
Bf5 Kf6 96. Bh7 Rg1 97. Bc2 Ke5) 95. Bh7 Kf6 {The position is equal.} 96. Kg8
Rg2+ (96... Ra2 {seems wilder.} 97. Kh8 Ra8+ 98. Bg8 Ke7 99. Kh7 Kd7) 97. Kh8
$1 Kf7 98. Bd3 Rg8+ 99. Kh7 Rg4 {[%cal Rg4h4]} 100. Kh8 Rh4+ 101. Bh7 Kf8 {
Black had all chances to win.  Weighted Error Value: White=0.36/Black=0.06}
1/2-1/2

[Event "23rd ETCC Open 2021"]
[Site "Catez"]
[Date "2021.11.13"]
[Round "2.69"]
[White "Saraci, Nderim"]
[Black "Pechac, Jergus"]
[Result "0-1"]
[WhiteElo "2486"]
[BlackElo "2562"]
[Annotator "ChessBase"]
[PlyCount "114"]
[EventDate "2021.11.08"]
[EventType "team-tourn"]
[EventCountry "SLO"]
[SourceTitle "playchess.com"]
[Source "ChessBase"]
[SourceQuality "1"]
[WhiteTeam "Kosovo"]
[BlackTeam "Slovakia"]
[WhiteTeamCountry "KOS"]
[BlackTeamCountry "SVK"]
[TimeControl "40/5400+30:1800+30"]

1. Nf3 d5 2. g3 Nc6 3. d4 Bf5 4. Bg2 e6 5. O-O Nb4 6. Na3 Nc6 7. c4 Bxa3 8.
bxa3 Be4 9. Qa4 Nge7 10. Bd2 O-O 11. Rfc1 Bxf3 12. Bxf3 Nxd4 13. cxd5 Nxf3+ 14.
exf3 Nxd5 15. Rab1 b6 16. Qc6 Qf6 17. Kg2 Rad8 18. Bb4 Rfe8 19. Bc3 Qf5 20. Rb2
f6 21. Re2 Qg6 22. Qc4 c5 23. a4 a5 24. Rce1 Qf5 25. Bd2 Kf7 26. g4 Qg6 27. Re4
h5 28. h3 Re7 29. Bf4 hxg4 30. fxg4 Nxf4+ 31. Rxf4 Qd3 32. Qb3 Qxb3 33. axb3
Rd3 34. Rf3 Red7 35. Rfe3 e5 36. h4 R7d4 37. Kg3 Kg6 38. f3 Rd2 39. Rf1 Ra2 40.
f4 exf4+ 41. Rxf4 Rg2+ 42. Kxg2 Rxf4 43. Kg3 Rb4 44. Rd3 Kf7 45. h5 Kg8 46. Rf3
Kh7 47. Rd3 Kh6 48. Kh4 g6 49. hxg6 Kxg6 50. Kg3 Rd4 51. Rf3 c4 52. bxc4 Rxc4
53. Rf4 Rxf4 54. Kxf4 Kf7 55. Ke3 Ke6 56. Ke4 Kd6 57. Kf5 b5 0-1

[Event "23rd ETCC Open 2021"]
[Site "Catez"]
[Date "2021.11.13"]
[Round "2.70"]
[White "Druska, Juraj"]
[Black "Uruci, Endrit"]
[Result "1/2-1/2"]
[WhiteElo "2508"]
[BlackElo "2322"]
[Annotator "ChessBase"]
[PlyCount "81"]
[EventDate "2021.11.08"]
[EventType "team-tourn"]
[EventCountry "SLO"]
[SourceTitle "playchess.com"]
[Source "ChessBase"]
[SourceQuality "1"]
[WhiteTeam "Slovakia"]
[BlackTeam "Kosovo"]
[WhiteTeamCountry "SVK"]
[BlackTeamCountry "KOS"]
[TimeControl "40/5400+30:1800+30"]

1. e4 c5 2. Nf3 Nc6 3. Bb5 g6 4. O-O Bg7 5. Re1 e5 6. Bxc6 dxc6 7. h3 Nh6 8. d3
f6 9. Be3 b6 10. a4 O-O 11. a5 Be6 12. Nbd2 Nf7 13. axb6 axb6 14. Rxa8 Qxa8 15.
b4 cxb4 16. Bxb6 Rb8 17. Be3 Bf8 18. Qb1 c5 19. Qb2 Qa3 20. Rb1 Ra8 21. Kf1 Nd8
22. Ke1 Nc6 23. Nb3 c4 24. dxc4 Bxc4 25. Bc1 Qa6 26. Ra1 Qb7 27. Rxa8 Qxa8 28.
Qa1 Qb7 29. Be3 Qd7 30. Qa4 Bf7 31. Nfd2 Qc8 32. Kd1 Be8 33. Qa2 Qc7 34. Qa8
Qd8 35. Qa6 Qc7 36. Nc5 Qa5 37. Qc8 Qa1+ 38. Ke2 Nd4+ 39. Bxd4 Bb5+ 40. Nd3
Qxd4 41. Qb7 1/2-1/2

[Event "23rd ETCC Open 2021"]
[Site "Catez"]
[Date "2021.11.13"]
[Round "2.71"]
[White "Makolli, Perparim"]
[Black "Petenyi, Tamas"]
[Result "0-1"]
[WhiteElo "2245"]
[BlackElo "2458"]
[Annotator "ChessBase"]
[PlyCount "88"]
[EventDate "2021.11.08"]
[EventType "team-tourn"]
[EventCountry "SLO"]
[SourceTitle "playchess.com"]
[Source "ChessBase"]
[SourceQuality "1"]
[WhiteTeam "Kosovo"]
[BlackTeam "Slovakia"]
[WhiteTeamCountry "KOS"]
[BlackTeamCountry "SVK"]
[TimeControl "40/5400+30:1800+30"]

1. e4 g6 2. d4 Bg7 3. Nc3 d6 4. Be3 Nc6 5. Qd2 e5 6. Nf3 exd4 7. Nxd4 Nf6 8.
Nxc6 bxc6 9. Bh6 Bxh6 10. Qxh6 Be6 11. f3 Rb8 12. O-O-O Nd7 13. Qe3 O-O 14. h4
Qf6 15. f4 Rfe8 16. Qg3 Nc5 17. Bd3 h5 18. f5 Bd7 19. Bc4 Nxe4 20. Qxg6+ Kf8
21. Qxf6 Nxf6 22. Bd3 Rb4 23. Rdf1 Rg4 24. Rf2 Re5 25. Be2 Rg3 26. Bd3 c5 27.
Ne2 Rg4 28. b3 Bc6 29. Nf4 Bd7 30. Ne2 d5 31. c3 d4 32. cxd4 cxd4 33. Kd2 Bb5
34. Rc1 Bxd3 35. Kxd3 Re3+ 36. Kc4 d3+ 37. Nf4 d2 38. Rxd2 Rxf4+ 39. Kb5 Rxf5+
40. Ka6 Re6+ 41. Kxa7 Ra5+ 42. Kb7 Ne8 43. Kc8 Ra7 44. Kd8 Re7 0-1

[Event "23rd ETCC Open 2021"]
[Site "Catez"]
[Date "2021.11.13"]
[Round "2.72"]
[White "Mazur, Stefan"]
[Black "Saraci, Korab"]
[Result "0-1"]
[WhiteElo "2433"]
[BlackElo "2149"]
[Annotator "NA"]
[PlyCount "86"]
[EventDate "2021.11.08"]
[EventType "team-tourn"]
[EventCountry "SLO"]
[SourceTitle "playchess.com"]
[Source "ChessBase"]
[SourceQuality "1"]
[WhiteTeam "Slovakia"]
[BlackTeam "Kosovo"]
[WhiteTeamCountry "SVK"]
[BlackTeamCountry "KOS"]
[TimeControl "40/5400+30:1800+30"]

1. e4 c5 2. Nf3 d6 3. Nc3 Nc6 4. d4 cxd4 5. Nxd4 g6 6. Be3 Bg7 7. Qd2 Nf6 8. f3
O-O 9. O-O-O d5 10. Nxc6 bxc6 11. Bh6 Be6 12. Bxg7 Kxg7 13. e5 Nd7 14. h4 h5
15. g4 Rh8 16. gxh5 Rxh5 17. f4 Qh8 18. Bg2 Qh6 19. Bf3 Rf5 20. Ne2 Nxe5 21.
Qc3 Kf8 22. h5 Nxf3 23. hxg6 Rh5 24. Rxh5 Qxh5 25. Ng3 Qxg6 26. f5 Qxg3 27.
fxe6 Qg5+ 28. Kb1 Qf6 29. Qxc6 Rb8 30. b3 fxe6 31. Qc7 Rb4 32. Qxa7 Rf4 33. a4
Ng5 34. Rg1 Rf1+ 35. Rxf1 Qxf1+ 36. Kb2 Qf6+ 37. Ka3 Ne4 38. Qg1 Qc3 39. Qf1+
Ke8 40. Qb5+ Kd8 41. Qb6+ Kd7 42. Qb5+ Kd6 43. a5 Qc5+ 0-1

[Event "23rd ETCC Open 2021"]
[Site "Catez"]
[Date "2021.11.13"]
[Round "2.73"]
[White "Djukic, Nikola"]
[Black "Tate, Alan"]
[Result "1-0"]
[WhiteElo "2519"]
[BlackElo "2342"]
[Annotator "ChessBase"]
[PlyCount "71"]
[EventDate "2021.11.08"]
[EventType "team-tourn"]
[EventCountry "SLO"]
[SourceTitle "playchess.com"]
[Source "ChessBase"]
[SourceQuality "1"]
[WhiteTeam "Montenegro"]
[BlackTeam "Scotland"]
[WhiteTeamCountry "MNE"]
[BlackTeamCountry "SCO"]
[TimeControl "40/5400+30:1800+30"]

1. e4 e5 2. Nf3 Nc6 3. Bb5 Nf6 4. d3 Bc5 5. Bg5 h6 6. Bh4 Qe7 7. Nc3 g5 8. Bg3
d6 9. d4 exd4 10. Nxd4 Bd7 11. Bxc6 bxc6 12. O-O h5 13. e5 h4 14. Re1 O-O-O 15.
exf6 Qxf6 16. Be5 dxe5 17. Ne4 Qe7 18. Nxc5 Qxc5 19. Nb3 Qb6 20. Rxe5 Be6 21.
Qe2 Rd5 22. c4 Rxe5 23. Qxe5 Rd8 24. Nc5 Bxc4 25. b3 Rd5 26. Qe8+ Rd8 27. Qe7
Bd5 28. Rc1 Rg8 29. Qe5 Qa5 30. Qf5+ Be6 31. Qe4 Bd5 32. Qg4+ Kb8 33. Qe2 Rd8
34. Qe7 Rg8 35. a4 h3 36. b4 1-0

[Event "23rd ETCC Open 2021"]
[Site "Catez"]
[Date "2021.11.13"]
[Round "2.74"]
[White "Bremner, Adam"]
[Black "Draskovic, Luka"]
[Result "0-1"]
[WhiteElo "2204"]
[BlackElo "2469"]
[Annotator "ChessBase"]
[PlyCount "114"]
[EventDate "2021.11.08"]
[EventType "team-tourn"]
[EventCountry "SLO"]
[SourceTitle "playchess.com"]
[Source "ChessBase"]
[SourceQuality "1"]
[WhiteTeam "Scotland"]
[BlackTeam "Montenegro"]
[WhiteTeamCountry "SCO"]
[BlackTeamCountry "MNE"]
[TimeControl "40/5400+30:1800+30"]

1. d4 Nf6 2. g3 d5 3. Nf3 Bf5 4. Bg2 e6 5. O-O Be7 6. c4 O-O 7. Qb3 Nc6 8. Qxb7
Na5 9. Qa6 Nxc4 10. b3 Nb6 11. Ne5 Bd6 12. Ba3 Qc8 13. Qxc8 Rfxc8 14. Nc6 Kf8
15. Bb2 Nbd7 16. Na3 Nb8 17. Rfc1 Nxc6 18. Rxc6 Rcb8 19. Ra6 Bb4 20. Rc6 Bd6
21. Ra6 Ke8 22. Bf1 Kd7 23. Rc1 Rb6 24. e3 c6 25. Nb1 Ne8 26. Rxb6 axb6 27. a4
Nc7 28. Nc3 Na6 29. Na2 Nb4 30. Nxb4 Bxb4 31. Bc3 Bxc3 32. Rxc3 Kd6 33. Bd3
Bxd3 34. Rxd3 f6 35. Rd2 e5 36. Kg2 c5 37. dxc5+ bxc5 38. e4 d4 39. Ra2 Kc6 40.
Kf3 Kb6 41. Rc2 Rd8 42. Rc1 Rb8 43. Ke2 Kc6 44. Rb1 Rb4 45. Kd2 c4 46. Rc1 Kc5
47. bxc4 Rxa4 48. Rc2 Ra3 49. Rb2 Kxc4 50. Rc2+ Rc3 51. Rb2 d3 52. Rb7 Rc2+ 53.
Ke1 Re2+ 54. Kd1 Rxf2 55. Rxg7 Kd4 56. Rxh7 Ke3 57. Ke1 d2+ 0-1

[Event "23rd ETCC Open 2021"]
[Site "Catez"]
[Date "2021.11.13"]
[Round "2.75"]
[White "Blagojevic, Dragisa"]
[Black "Morrison, Graham"]
[Result "1-0"]
[WhiteElo "2467"]
[BlackElo "2251"]
[Annotator "ChessBase"]
[PlyCount "101"]
[EventDate "2021.11.08"]
[EventType "team-tourn"]
[EventCountry "SLO"]
[SourceTitle "playchess.com"]
[Source "ChessBase"]
[SourceQuality "1"]
[WhiteTeam "Montenegro"]
[BlackTeam "Scotland"]
[WhiteTeamCountry "MNE"]
[BlackTeamCountry "SCO"]
[TimeControl "40/5400+30:1800+30"]

1. d4 Nf6 2. c4 e6 3. Nc3 Bb4 4. f3 d5 5. a3 Bxc3+ 6. bxc3 c5 7. cxd5 Nxd5 8.
dxc5 Qa5 9. e4 Ne7 10. Be3 O-O 11. Qb3 Nec6 12. Bb5 e5 13. Ne2 Be6 14. Bc4 Bxc4
15. Qxc4 Qa6 16. Qxa6 Nxa6 17. O-O Na5 18. Rfb1 Nb8 19. Nc1 Rd8 20. Na2 Nbc6
21. Nb4 Nc4 22. Bf2 N6a5 23. Nd5 Rd7 24. Ra2 f6 25. Kf1 Kf7 26. Ke2 Rad8 27.
Rb4 Ke6 28. a4 f5 29. Kd3 Rxd5+ 30. exd5+ Kxd5 31. Ke2 Kc6 32. Rb1 Rd7 33. Rb5
Rd5 34. h3 Rd7 35. Rb1 g6 36. g4 f4 37. g5 Rd8 38. h4 Re8 39. Rd1 Nb3 40. Kd3
Nba5 41. Kc2 e4 42. fxe4 Rxe4 43. Kd3 Re7 44. Re2 Ne5+ 45. Kc2 Nac4 46. Re4 Rf7
47. Rdd4 f3 48. Rxc4 Nxc4 49. Rxc4 Re7 50. Kd3 Re2 51. Be3 1-0

[Event "23rd ETCC Open 2021"]
[Site "Catez"]
[Date "2021.11.13"]
[Round "2.76"]
[White "Gordon, Frederick"]
[Black "Nikcevic, Nebojsa"]
[Result "1/2-1/2"]
[WhiteElo "1739"]
[BlackElo "2385"]
[Annotator "NA"]
[PlyCount "62"]
[EventDate "2021.11.08"]
[EventType "team-tourn"]
[EventCountry "SLO"]
[SourceTitle "playchess.com"]
[Source "ChessBase"]
[SourceQuality "1"]
[WhiteTeam "Scotland"]
[BlackTeam "Montenegro"]
[WhiteTeamCountry "SCO"]
[BlackTeamCountry "MNE"]
[TimeControl "40/5400+30:1800+30"]

1. e4 c5 2. Nf3 g6 3. c3 d5 4. exd5 Qxd5 5. d4 Bg7 6. Na3 cxd4 7. Nb5 Na6 8.
Nbxd4 Nf6 9. Bb5+ Bd7 10. Bxa6 bxa6 11. O-O O-O 12. Re1 e6 13. h3 Rac8 14. Bf4
Qb7 15. Qb3 Qb6 16. Ne5 Rfd8 17. Rad1 Be8 18. Nc4 Qc5 19. Nd6 Rxd6 20. Bxd6
Qxd6 21. Nxe6 Qb8 22. Nxg7 Kxg7 23. Re7 a5 24. Qxb8 Rxb8 25. Rxa7 Rxb2 26. Rxa5
Ne4 27. Re1 Bc6 28. f3 Nxc3 29. Rc5 Ne2+ 30. Rxe2 Rxe2 31. Rxc6 Rxa2 1/2-1/2

[Event "23rd ETCC Open 2021"]
[Site "Catez"]
[Date "2021.11.14"]
[Round "3.1"]
[White "Shirov, Alexei"]
[Black "Grischuk, Alexander"]
[Result "1/2-1/2"]
[WhiteElo "2673"]
[BlackElo "2773"]
[Annotator "TA"]
[PlyCount "62"]
[EventDate "2021.11.08"]
[EventType "team-tourn"]
[EventCountry "SLO"]
[SourceTitle "playchess.com"]
[Source "ChessBase"]
[SourceQuality "1"]
[WhiteTeam "Spain"]
[BlackTeam "Russia"]
[WhiteTeamCountry "ESP"]
[BlackTeamCountry "RUS"]

{[%evp 16,62,28,0,5,-18,-7,-7,0,0,0,-8,-5,-7,0,-47,-40,-45,-45,-67,-69,-70,-42,
-41,-39,-42,-5,-26,-16,-60,-51,-49,-53,-50,-41,-36,-47,-76,-70,-79,-26,-35,-23,
-23,-22,-23,-23,-35,-37]} 1. e4 e5 2. Nf3 Nc6 3. Bb5 Nf6 4. O-O Nxe4 5. d4 Nd6
6. Bxc6 dxc6 7. dxe5 Nf5 8. Qxd8+ Kxd8 9. h3 Bd7 {C67: Ruy Lopez: Berlin
Defence: 4 0-0 Nxe4.} 10. Rd1 Be7 11. Nc3 Kc8 {The position is equal. 11...b6
is a critical line.} 12. g4 Nh4 13. Nxh4 Bxh4 14. Ne4 h6 15. Nc5 Be8 {[#]} 16.
e6 $146 ({Predecessor:} 16. c4 b6 17. Ne4 c5 18. Nc3 Bd7 19. Kg2 Re8 20. Bf4 f6
21. Re1 Kb7 22. Rad1 {1/2-1/2 (80) Halvax,G (2360)-Schachinger,M (2439) St
Johann im Pongau 2016}) 16... b6 17. Nd3 fxe6 18. Re1 Rf8 19. Rxe6 Bf7 20. Re2
Kb7 21. b3 h5 22. Bb2 Bd5 23. Ne5 hxg4 24. hxg4 Bf6 25. c4 Bxe5 26. Bxe5 Bf3
27. Re3 Bxg4 (27... g5 $17) 28. Rg3 $11 Bf5 29. Rxg7 Rg8 {[#] Strongly
threatening ...Rxg7+.} 30. Rxg8 Rxg8+ 31. Kh2 c5 {Weighted Error Value:
White=0.09/Black=0.07} 1/2-1/2

[Event "23rd ETCC Open 2021"]
[Site "Catez"]
[Date "2021.11.14"]
[Round "3.2"]
[White "Dubov, Daniil"]
[Black "Anton Guijarro, David"]
[Result "1/2-1/2"]
[WhiteElo "2714"]
[BlackElo "2669"]
[Annotator "TA"]
[PlyCount "49"]
[EventDate "2021.11.08"]
[EventType "team-tourn"]
[EventCountry "SLO"]
[SourceTitle "playchess.com"]
[Source "ChessBase"]
[SourceQuality "1"]
[WhiteTeam "Russia"]
[BlackTeam "Spain"]
[WhiteTeamCountry "RUS"]
[BlackTeamCountry "ESP"]

{[%evp 9,49,0,7,6,25,9,19,8,21,12,9,0,0,0,12,5,7,12,14,5,9,0,0,0,0,0,0,0,0,0,0,
0,0,0,0,0,0,0,0,0,0,0]} 1. e4 c6 2. d4 d5 3. e5 Bf5 4. h4 h5 5. Bd3 Bxd3 6.
Qxd3 {B12: Caro-Kann: Advance Variation.} Qa5+ 7. Nd2 {Threatening e6!} e6 {
The position is equal.} 8. Ngf3 Nh6 9. O-O Nf5 10. Nb3 $1 {[%mdl 4] outshines
the older 10.c4.} Qa6 11. Qd1 b6 12. Bg5 c5 13. dxc5 Bxc5 {[#]} 14. c3 $146 ({
Predecessor:} 14. Nxc5 bxc5 15. b3 Nc6 16. Re1 Rb8 17. c3 Qa5 18. Bd2 Qc7 19.
Qe2 a5 20. g3 {0-1 (45) Diaz Rosas,J (2367)-Cori,J (2652) Villahermosa 2021})
14... Nc6 15. Nxc5 bxc5 16. Re1 Rc8 17. b3 Rc7 18. Rc1 Qxa2 19. Ra1 Qb2 20. Bd2
O-O 21. Rb1 Qa2 22. Ra1 Qb2 23. Rb1 Qa2 24. Ra1 Qb2 25. Rb1 {A rather calm
draw.  Weighted Error Value: White=0.03/Black=0.03} 1/2-1/2

[Event "23rd ETCC Open 2021"]
[Site "Catez"]
[Date "2021.11.14"]
[Round "3.3"]
[White "Santos Latasa, Jaime"]
[Black "Alekseenko, Kirill"]
[Result "1/2-1/2"]
[WhiteElo "2633"]
[BlackElo "2710"]
[Annotator "TA"]
[PlyCount "75"]
[EventDate "2021.11.08"]
[EventType "team-tourn"]
[EventCountry "SLO"]
[SourceTitle "playchess.com"]
[Source "ChessBase"]
[SourceQuality "1"]
[WhiteTeam "Spain"]
[BlackTeam "Russia"]
[WhiteTeamCountry "ESP"]
[BlackTeamCountry "RUS"]

{[%evp 9,75,0,0,0,0,0,0,0,16,0,13,0,0,0,0,0,-3,-16,-8,-20,0,0,0,0,0,0,0,0,4,0,
0,0,0,0,0,0,0,0,0,0,0,0,8,8,17,17,17,17,17,20,21,19,19,23,15,0,0,0,0,0,0,0,0,0,
0,0,0,-27]} 1. Nf3 d5 2. g3 b6 3. c4 dxc4 4. Qa4+ Nd7 5. Bg2 Bb7 6. Qxc4 {
[#] Ng5! is the strong threat. A07: Réti Opening: New York and Capablanca
Systems.} e6 7. O-O Ngf6 8. d3 Bd6 {[#]} 9. Qc2 $146 ({Predecessor:} 9. Nc3 a6
10. Qb3 O-O 11. a4 c5 12. Rd1 Qc7 13. e4 Ne5 14. Ne1 Nc6 15. Ne2 {0-1 (30)
Pascual Gras,E (2456)-Mrugala,A (2442) ICCF corr 2001}) 9... O-O 10. Nc3 c5 11.
b3 a6 12. Bb2 b5 13. Rfd1 Qb6 14. Ne4 Be7 15. Nxf6+ Nxf6 16. Rac1 Rac8 17. e3
Rfd8 18. Qe2 h6 19. Ne5 Bxg2 20. Kxg2 Nd7 {[%cal Bf6d7,Bd7b6,Bb6d5][%mdl 32]}
21. Nf3 Qb7 22. Kg1 Bf6 23. Rd2 Bxb2 24. Rxb2 Qd5 25. Rbc2 Nb6 26. Kg2 g5 {
[#] Strongly threatening ...g4.} (26... Qd6 {keeps more tension.} 27. e4 Rd7
28. Qd2 Rdc7 29. Qf4 Qd8) 27. h3 Qxd3 28. Qxd3 Rxd3 29. Rxc5 Rxc5 30. Rxc5 $11
{[%mdl 4096] Endgame KRN-KRN} Nd5 31. Rc6 Nb4 32. Rc8+ {The position is equal.}
Kg7 33. a3 Nd5 34. Nd4 Rd2 {Threatens to win with ...Nxe3+.} 35. Kf3 h5 {
White should prevent ...g4+!} 36. Rc2 Rxc2 37. Nxc2 f5 38. Ke2 {An uneventful
encounter.  Weighted Error Value: White=0.02/Black=0.02} 1/2-1/2

[Event "23rd ETCC Open 2021"]
[Site "Catez"]
[Date "2021.11.14"]
[Round "3.4"]
[White "Esipenko, Andrey"]
[Black "Salgado Lopez, Ivan"]
[Result "1/2-1/2"]
[WhiteElo "2713"]
[BlackElo "2609"]
[Annotator "TA"]
[PlyCount "81"]
[EventDate "2021.11.08"]
[EventType "team-tourn"]
[EventCountry "SLO"]
[SourceTitle "playchess.com"]
[Source "ChessBase"]
[SourceQuality "1"]
[WhiteTeam "Russia"]
[BlackTeam "Spain"]
[WhiteTeamCountry "RUS"]
[BlackTeamCountry "ESP"]

{[%evp 20,81,40,6,7,0,1,6,14,8,-6,-12,-19,-16,-14,-16,-6,-10,4,0,-27,-14,0,0,0,
0,0,0,0,0,0,0,0,0,3,0,0,0,0,0,0,0,0,0,0,0,0,0,13,0,0,0,0,0,0,0,0,0,0,0,0,0,0,0]
} 1. d4 Nf6 2. c4 e6 3. g3 d5 4. Nf3 Be7 5. Bg2 O-O 6. Qc2 c6 7. O-O Nbd7 8.
Nbd2 b6 9. e4 Bb7 {9...dxc4 is the hot move.} 10. e5 Ne8 11. b3 Nc7 {E09:
Closed Catalan: Main Line: 7 Qc2 c6 8 Nbd2.} 12. Re1 Rc8 13. Bb2 c5 14. Rad1 a5
15. Qb1 {[#]} h6 $146 ({Predecessor:} 15... b5 16. dxc5 Nxc5 17. Nd4 Qe8 18. f4
bxc4 19. bxc4 g6 20. N2b3 a4 21. Nxc5 Bxc5 {1-0 (64) Chlpik,M (2185)-Obona,J 
(2213) Slovakia 2019}) 16. cxd5 Nxd5 17. dxc5 Nxc5 18. Nd4 a4 19. Ba1 axb3 20.
axb3 Ba6 {The position is equal.} 21. Nc4 {Nf5! is the strong threat.} Nxb3 $1
22. Bxd5 Nxd4 ({Don't blunder} 22... Qxd5 $2 23. Nxb6 Nxd4 24. Nxd5 $18) 23.
Bxd4 Bxc4 ({Worse is} 23... Qxd5 24. Nxb6 Qa5 25. Nxc8 $16) 24. Bb7 Rb8 25.
Bxb6 Rxb7 26. Rxd8 Bxd8 {[#]} 27. Qc2 $1 {aiming for Bxd8.} Bd5 28. Bxd8 Rxd8
29. h3 Rdb8 30. Rc1 Rb2 31. Qd3 R2b3 32. Qd1 Be4 33. Kh2 Rb1 34. g4 (34. Rxb1 {
looks sharper.} Rxb1 35. Qd8+ Kh7 36. g4 Rh1+ 37. Kg3) 34... R1b2 35. Qd4 Bd5
36. Rc8+ Rxc8 37. Qxb2 Rc4 38. Qb8+ Kh7 39. Qb1+ Kg8 40. Qb8+ Kh7 41. Qb1+ {
A rather calm draw.  Weighted Error Value: White=0.03/Black=0.02} 1/2-1/2